00496nam a2200193 a 4500001001300000003000900013005001700022008004100039020001000080082001900090100002400109245002100133260003500154300000900189500003500198505002900233650001600262700002400278nice12345678IN_TiNIC20260116011410.0050524s1885 luca grp 000 0 urd  ac10000a891.4391bSAH4 aSaher, Debi Parshad aMeyarul Balaghat aLucknow bNaval Kishore c1885 a310p aincludes index and biblioraphy2 aFour Parts Boun Together aUrdu-Poetry1 aSaher, Debi Parshad